| 000 | 01252nam a22002897a 4500 | ||
|---|---|---|---|
| 001 | BD-DhSAU | ||
| 003 | BD-DhSAU | ||
| 005 | 20241211104535.0 | ||
| 008 | 150420b2005 bg ||||| m||| 00| 0 eng d | ||
| 040 | _aBD-DhSAU | ||
| 082 |
_222 _a616.96 _bM72.52 |
||
| 100 |
_aTAWFIQUE-E-MAWLA, MOHAMMAD _eRegistration No. # 15-06734 |
||
| 245 |
_aInvestigation of avian gastrointestinal parasites along with the survey of parasitic knowledge, attitude and practice (kap) among the workers of bangladesh national zoo / _bMS thesis |
||
| 260 |
_aSher-e-Bangla Agricultural University: _bDepartment of microbiology and parasitology , _c2023 |
||
| 300 |
_aix, 52p. ; _c30 cm. |
||
| 500 | _aMS thesis of Department of microbiology and parasitology SYSTEM , Faculty of ASVM, Sher-e-Bangla Agricultural University, Dhaka, Bangladesh | ||
| 504 | _aIncludes bibliographical reference. | ||
| 590 | _aNazmul | ||
| 650 | _aavian gastrointestinal parasites | ||
| 651 | _asurvey of parasitic knowledge, | ||
| 654 | _aattitude and practice (kap) | ||
| 655 | _abangladesh national zoo | ||
| 700 |
_aAssist. Prof. Dr. S. M. Abdullah _eSuperviser |
||
| 700 |
_aAssist. Prof. Dr. Mohammad Abdul Mannan _eCo-superviser |
||
| 942 |
_2ddc _cTHESIS |
||
| 999 |
_c17676 _d17675 |
||